| 000 | 00573nam a22001937a 4500 | ||
|---|---|---|---|
| 003 | KOHA_MİRAKIL | ||
| 005 | 20251221171605.0 | ||
| 008 | 251221b tu ||||| |||| 00| 0 tur d | ||
| 020 | _a9789751044082 | ||
| 040 |
_aTR-AnABB _btur _cTR-AnABB |
||
| 041 | _atur | ||
| 082 |
_a297.7 _bGOL 2023 |
||
| 100 | 1 | _aGölpınarlı, Abdülbaki | |
| 245 | 1 | 0 |
_aTasavvuftan dilimize geçen deyimler ve atasözleri / _cAbdülbaki Gölpınarlı |
| 260 |
_aİstanbul : _bİnkılap Yayınevi, _c2023 |
||
| 300 |
_a391 sayfa ; _c21 cm |
||
| 650 | 0 | 4 | _aTasavvuf |
| 942 |
_2ddc _cBK |
||
| 999 |
_c9883 _d9883 |
||
| 900 | _bGizem YORULMAZ | ||